| 000 | 00868cam a2200241 a 4500 | ||
|---|---|---|---|
| 001 | 000014440 | ||
| 005 | 20200929163842.0 | ||
| 008 | 950301s1996 mx a 100 0 spa | ||
| 020 | _a9686075658 | ||
| 040 |
_aDO-SdBNP _bspa _cLC _dBNPHU |
||
| 082 |
_a327.172073 _bS678p |
||
| 245 | 0 | 0 |
_aSociedad y política, México y Estados Unidos : _buna visión reciproca / _ccoordinador Eliseo Mendoza Berrueto. |
| 250 | _a1. ed. | ||
| 260 |
_aTijuana, B. C., México : _bColegio de la Frontera Norte, _c1996. |
||
| 300 |
_av. 2 : _bil. ; _c21 cm. |
||
| 490 | 1 |
_aCOLEF, _v3 |
|
| 651 | 4 |
_aMéxico _xRelaciones Exteriores _zEstados Unidos _xCongresos. _932574 |
|
| 651 | 4 |
_aEstados Unidos _xRelaciones Exteriores _zMéxico _xCongresos. _932575 |
|
| 700 | 1 |
_aMendoza Berrueto, Eliseo. _932576 |
|
| 830 | 0 |
_aCOLEF, _v3 _931360 |
|
| 910 | _aCatalogación por copia / LC | ||
| 049 | _aBNGR | ||
| 999 |
_c14030 _d14030 |
||